Determinants of tropical savannas: presentations made by Savanna Researchers at a workshop in Harare, Zimbabwe, Dec. 1985 (Record no. 39849)

MARC details
000 -LEADER
fixed length control field 00682nam a2200169 a 4500
008 - FIXED-LENGTH DATA ELEMENTS--GENERAL INFORMATION
fixed length control field 120416s1987 ||||||||||||||||| || u
020 ## - INTERNATIONAL STANDARD BOOK NUMBER
International Standard Book Number 1852210176
050 ## - LIBRARY OF CONGRESS CALL NUMBER
Classification number QH 541.5.P7 Det
100 ## - MAIN ENTRY--PERSONAL NAME
Personal name Walker, Brian H
245 10 - TITLE STATEMENT
Title Determinants of tropical savannas: presentations made by Savanna Researchers at a workshop in Harare, Zimbabwe, Dec. 1985
Statement of responsibility, etc. edited by Brian H. Walker
260 ## - PUBLICATION, DISTRIBUTION, ETC.
Place of publication, distribution, etc. Oxford
Name of publisher, distributor, etc. IRL Press
Date of publication, distribution, etc. 1987
300 ## - PHYSICAL DESCRIPTION
Extent ix, 156p. : ill.
350 ## - PRICE (NR) (BK AM CF MU VM SE) [OBSOLETE]
Price 0.00
650 ## - SUBJECT ADDED ENTRY--TOPICAL TERM
Topical term or geographic name entry element TROPICAL SAVANNA
650 ## - SUBJECT ADDED ENTRY--TOPICAL TERM
Topical term or geographic name entry element TROPICS
995 ## - RECOMMENDATION 995 [LOCAL, UNIMARC FRANCE]
-- 0.00
-- CBU-MAIN LIBRARY (Kitwe)
-- 1
-- 16.50
-- 1
-- AVAILABLE
-- Main Library Open Access Collection
Holdings
Withdrawn status Lost status Source of classification or shelving scheme Damaged status Not for loan Home library Current library Shelving location Date acquired Total Checkouts Full call number Barcode Date last seen Price effective from Koha item type
          CBU-MAIN LIBRARY, KITWE. CBU-MAIN LIBRARY, KITWE.   11/30/2022   QH 541.5.P7 Det 014635 11/30/2022 11/30/2022 MONOGRAPH